[Event "Angers op 5th"]
[Site "Angers"]
[Date "2010.04.24"]
[Round "3"]
[White "Mauget, Jean Pierre"]
[Black "Andrieu, Philippe"]
[Result "0-1"]
[WhiteElo "1848"]
[BlackElo "1943"]
[PlyCount "40"]
[EventDate "2010.04.23"]
[EventType "swiss"]
[EventRounds "6"]
[EventCountry "FRA"]
[SourceTitle "EXT 2011"]
[Source "ChessBase"]
[SourceDate "2010.11.26"]
[SourceVersion "1"]
[SourceVersionDate "2010.11.26"]
[SourceQuality "1"]

1. d4 d5 2. c4 Nc6 3. Nf3 Bg4 4. e3 e5 5. Be2 e4 6. Nfd2 Bxe2 7. Qxe2 Nb4 8. 0-0 Nc2 9. cxd5 Nxa1 10. Nxe4 Qxd5 11. Nbc3 Qd7 12. b3 Nxb3 13. axb3 Nf6 14. Bb2 Nxe4 15. Nxe4 Be7 16. Rc1 0-0 17. Ng3 Rfe8 18. e4 Rad8 19. f4 Bh4 20. Nf5 Qxf5 0-1

[Event "Pornic op"]
[Site "Pornic"]
[Date "2009.08.??"]
[Round "1"]
[White "Delorme, Alban"]
[Black "Mauget, Jean Pierre"]
[Result "1-0"]
[WhiteElo "2259"]
[BlackElo "1844"]
[PlyCount "45"]
[EventDate "2009.08.??"]
[EventType "swiss"]
[EventRounds "6"]
[EventCountry "FRA"]
[SourceTitle "EXT 2010"]
[Source "ChessBase"]
[SourceDate "2010.11.25"]
[SourceVersion "1"]
[SourceVersionDate "2010.11.25"]
[SourceQuality "1"]

1. e4 c5 2. Nf3 e6 3. d4 cxd4 4. Nxd4 a6 5. Bd3 Qc7 6. 0-0 Nf6 7. Qe2 d6 8. c4 Be7 9. Nc3 Nc6 10. Nxc6 bxc6 11. b3 0-0 12. Bb2 e5 13. Nd1 Bg4 14. f3 Be6 15. f4 Bg4 16. Qd2 Nh5 17. Ne3 Bd7 18. fxe5 dxe5 19. Nf5 Bc5+ 20. Kh1 Nf4 21. Nxg7 Kxg7 22. Rxf4 Qd6 23. Rh4 1-0

[Event "Rohde op 07th"]
[Site "Sautron"]
[Date "2007.10.31"]
[Round "6"]
[White "Chatelain, Antoine"]
[Black "Mauget, Jean Pierre"]
[Result "1/2-1/2"]
[WhiteElo "1530"]
[BlackElo "1869"]
[PlyCount "120"]
[EventDate "2007.10.27"]
[EventType "swiss"]
[EventRounds "9"]
[EventCountry "FRA"]
[SourceTitle "EXT 2008"]
[Source "ChessBase"]
[SourceDate "2007.11.25"]
[SourceVersion "1"]
[SourceVersionDate "2007.11.25"]
[SourceQuality "1"]

1. d4 d5 2. c4 e6 3. g3 Nf6 4. Bg2 c6 5. cxd5 cxd5 6. Nc3 Bb4 7. Nf3 Ne4 8. Qc2 Nc6 9. 0-0 Nf6 10. Bf4 0-0 11. a3 Be7 12. Rfd1 a6 13. e4 dxe4 14. Nxe4 Nd5 15. Neg5 g6 16. Bd2 Nxd4 17. Nxd4 Bxg5 18. Bxg5 Qxg5 19. Qd2 Qf6 20. Qe1 Rd8 21. f4 Nxf4 22. Qf2 Nh5 23. Qxf6 Nxf6 24. Nb3 Bd7 25. Bxb7 Rab8 26. Nc5 a5 27. b4 axb4 28. axb4 Nd5 29. Bxd5 exd5 30. Rxd5 Bc6 31. Rxd8+ Rxd8 32. Rb1 Rd2 33. b5 Rg2+ 34. Kf1 Bd5 35. Rb4 Rc2 36. Nd7 Kg7 37. b6 Bb7 38. Ke1 f6 39. Rb5 Rxh2 40. Nc5 Bc6 41. Rb4 Rg2 42. g4 Kh6 43. b7 Bxb7 44. Nxb7 Kg5 45. Nd6 Rxg4 46. Nf7+ Kh4 47. Rb2 Kh3 48. Kf1 h5 49. Nh6 Rg3 50. Ng8 f5 51. Ne7 f4 52. Nd5 g5 53. Nf6 Ra3 54. Nxh5 f3 55. Kf2 g4 56. Ng3 Ra1 57. Rc2 Ra3 58. Rd2 Ra1 59. Rc2 Ra3 60. Rd2 Ra1 1/2-1/2

[Event "Angers op 1st"]
[Site "Angers"]
[Date "2006.05.06"]
[Round "2"]
[White "Mauget, Jean Pierre"]
[Black "Gautier, Michel"]
[Result "1-0"]
[WhiteElo "1801"]
[BlackElo "1580"]
[PlyCount "55"]
[EventDate "2006.05.06"]
[EventType "swiss"]
[EventRounds "6"]
[EventCountry "FRA"]
[SourceTitle "EXT 2007"]
[Source "ChessBase"]
[SourceDate "2006.11.23"]
[SourceVersion "1"]
[SourceVersionDate "2006.11.23"]
[SourceQuality "1"]

1. d4 d5 2. c4 e6 3. Nf3 Be7 4. Bf4 Nf6 5. e3 0-0 6. Be2 b6 7. 0-0 Bb7 8. Nc3 dxc4 9. Bxc4 Nbd7 10. Nb5 c6 11. Nd6 Rb8 12. Nxf7 Qe8 13. N7g5 Nd5 14. Bxb8 Qxb8 15. Nxe6 Rf6 16. Bxd5 cxd5 17. Nf4 Ba6 18. Re1 Bd6 19. Nxd5 Rxf3 20. Qxf3 Bxh2+ 21. Kh1 Bd6 22. Rac1 Bb7 23. e4 Qd8 24. g3 Qg5 25. Kg1 Nf6 26. Nxf6+ gxf6 27. Qf5 Qg7 28. Qe6+ 1-0

[Event "Gorges op 15th"]
[Site "Gorges"]
[Date "2005.07.??"]
[Round "4"]
[White "Mauget, Jean Pierre"]
[Black "Rabhi, Chamss Eddine"]
[Result "0-1"]
[WhiteElo "1790"]
[BlackElo "2063"]
[PlyCount "82"]
[EventDate "2005.07.??"]
[EventType "swiss"]
[EventRounds "7"]
[EventCountry "FRA"]
[SourceTitle "EXT 2006"]
[Source "ChessBase"]
[SourceDate "2005.11.24"]
[SourceVersion "1"]
[SourceVersionDate "2005.11.24"]
[SourceQuality "1"]

1. d4 Nf6 2. c4 e6 3. Nf3 Bb4+ 4. Bd2 Qe7 5. a3 Bxd2+ 6. Qxd2 0-0 7. Nc3 d6 8. e3 c6 9. Be2 e5 10. 0-0 Bg4 11. dxe5 dxe5 12. Rfd1 Na6 13. Qd6 Rfe8 14. b4 Nc7 15. h3 Bf5 16. Qxe7 Rxe7 17. Rd2 e4 18. Nh4 Be6 19. g4 g5 20. Ng2 a5 21. b5 cxb5 22. Nxb5 Nxb5 23. cxb5 Rc8 24. f4 exf3 25. Bxf3 a4 26. e4 Rc3 27. e5 Rxf3 28. exf6 Rxf6 29. Rd8+ Kg7 30. Rd4 Bb3 31. Rf1 Re2 32. Rxf6 Kxf6 33. Rd7 Ke6 34. Rd8 Ke7 35. Rd3 Bc4 36. Rd4 Bxb5 37. Rd1 Bc6 38. Re1 Rxe1+ 39. Nxe1 Be4 40. Kf2 Kd6 41. Ke3 Ke5 0-1